000 00706cam a22002413a 4500
001 19868
003 PGUSA
005 20140828083424.0
008 061119s2006||||xxu|||||s|||||000 | eng d
040 _aPGUSA
_beng
042 _adc
050 4 _aPZ
100 1 _aCaldecott, Randolph,
_d1846-1886
245 1 4 _aThe Milkmaid :
_bR. Caldecott's Picture Books
_h[electronic resource] /
_cRandolph Caldecott
260 _bProject Gutenberg,
_c2006
506 _aPublic domain in the USA.
516 _aElectronic text
653 _aPicture books for children
653 _aNursery rhymes, English
830 0 _aProject Gutenberg
_v19868
856 4 0 _uhttp://www.gutenberg.org/ebooks/19868
942 _cEB
999 _c249123
_d249123